000 01039nam a22003137a 4500
003 CHAP
005 20220329140503.0
008 971013s1975 r 10010 d
010 _a52680
011 _a53652
035 _a57802
040 _cCHAP
082 _a630.1
_bW6 1974
111 0 0 _aWorkshop on Improved Rural Living on Limited Resources. (
_d1974
_c: Muscle Shoals, Ala)
_9122660
245 _aProceedings
260 _aMuscle Shoals, Tenensse :
_bValley Authority,
_c1975
300 _a116 p.
_b: ilus.
590 _aBATCH-UPD
_b10
_c20130110
_lUCH01
_h0415
590 _aBATCH-UPD
_b10
_c20130110
_lUCH01
_h2004
590 _aBATCH-UPD
_b10
_c20130410
_lUCH01
_h0049
590 _aBATCH-UPD
_b10
_c20130914
_lUCH01
_h1146
590 _aCONVERSION
_b10
_c20130109
_lUCH01
_h1328
650 1 4 _aDesarrollo de la comunidad rural.
_931995
650 1 4 _aExtensión agrícola.
_939144
650 1 4 _aVida rural.
_9119152
901 _aBK
942 _cLIBRO
949 _a630.1 W6 1974
_bBC
_cLIBRO
_d33724000027959
_eLIBRO
_h43460
_i57802
_mD
_si
999 _c52680
_d52680